[Event "Wch U20"]
[Site "Buenos Aires"]
[Date "1992.??.??"]
[Round "?"]
[White "Danielian, Oganes"]
[Black "Bezold, Michael"]
[Result "1-0"]
[WhiteElo "2460"]
[BlackElo "2490"]

1.d4 d6 2.e4 Nf6 3.Nc3 e5 4.Nf3 Nbd7 5.Bc4 Be7 6.O-O O-O 7.Qe2 c6 8.a4 Qc7
9.Rd1 Nb6 10.Bb3 Bg4 11.dxe5 dxe5 12.h3 Bh5 13.g4 Bg6 14.Nh4 Nbd7 15.Nf5 Rfe8
16.Nxe7+ Rxe7 17.Bg5 h6 18.Bh4 Ree8 19.Qd2 a5 20.f3 b6 21.Qd6 Ra7 22.Qxc7 Rxc7
23.Rd6 Bh7 24.Rad1 g5 25.Bf2 Kg7 26.h4 Re7 27.hxg5 hxg5 28.Be3 Ne8 29.R6d2 f6
30.Nb1 Bg8 31.Bxg8 Kxg8 32.Na3 Rb7 33.Nc4 Ng7 34.Rd6 c5 35.Rc6 Kh7 36.Nd6 Rb8
37.Nc8 Re8 38.Rxd7 Rexc8 39.Rxf6 b5 40.Rff7 Rg8 41.Bxg5 Kg6 42.Bf6  1-0

[Event "Wch U20"]
[Site "Buenos Aires"]
[Date "1992.??.??"]
[Round "?"]
[White "De la Riva Aguado, Oscar"]
[Black "Watanabe, Roberto"]
[Result "0-1"]
[WhiteElo "2400"]
[BlackElo "2380"]

1.e4 d6 2.d4 Nf6 3.Nc3 e5 4.Nf3 Nbd7 5.Bc4 Be7 6.O-O O-O 7.Re1 c6 8.a4 Qc7
9.h3 b6 10.b3 Bb7 11.Ba3 a6 12.d5 c5 13.Bc1 Qd8 14.Nh4 Nxe4 15.Nxe4 Bxh4
16.Nxd6 Bxf2+  0-1

[Event "FMDA tt"]
[Site "Buenos Aires"]
[Date "1992.??.??"]
[Round "6"]
[White "Giaccio, Alfredo"]
[Black "Scarella, Enrique"]
[Result "1-0"]
[WhiteElo "2370"]
[BlackElo "2255"]

1.e4 d6 2.d4 Nf6 3.Nc3 e5 4.Nge2 Nbd7 5.g3 Be7 6.Bg2 O-O 7.O-O c6 8.a4 b6
9.h3 Bb7 10.Kh2 a6 11.g4 b5 12.Ng3 exd4 13.Qxd4 c5 14.Qd1 b4 15.Nce2 d5 16.exd5 Bd6
17.a5 Ne5 18.g5 Nfd7 19.b3 Ng6 20.f4 Nh4 21.Ne4 Qc7 22.Bh1 f6 23.N2g3 fxg5
24.Nxg5 Rxf4 25.Bxf4 Bxf4 26.Qg4 g6 27.Qe6+  1-0

[Event "Calcutta"]
[Site "Calcutta"]
[Date "1992.??.??"]
[Round "4"]
[White "Girinath, PDS."]
[Black "Singh, Rajendra"]
[Result "1-0"]
[WhiteElo "2300"]
[BlackElo "2240"]

1.e4 d6 2.d4 Nf6 3.Nc3 c6 4.a4 g6 5.Nf3 Bg7 6.Be2 O-O 7.h3 Nbd7 8.O-O Qc7
9.Be3 Rd8 10.Qd2 Nf8 11.Rfd1 b6 12.Bh6 Bb7 13.Qe3 e5 14.dxe5 dxe5 15.Bc4 Rxd1+
16.Rxd1 Re8 17.a5 b5 18.Bb3 Qxa5 19.Bxg7 Kxg7 20.Ng5 b4 21.Na4 Re7 22.Qc5 Qxc5
23.Nxc5 h6 24.Nxf7 Bc8 25.Nd8 Ne8 26.Nxc6 Rc7 27.Bd5 Kf6 28.Ra1 Nd7 29.Nxd7+ Bxd7
30.Nxb4 Kg7 31.c4 Nf6 32.b3 Be8 33.f3 Nh5 34.Nd3 Re7 35.Kf2 Nf6 36.Nc5 g5
37.Ra6 h5 38.b4 g4 39.hxg4 hxg4 40.Re6 Rxe6 41.Nxe6+ Kg6 42.c5 gxf3 43.gxf3 Kf7
44.Nd8+ Ke7 45.Nb7 Ba4 46.Na5 Bb5 47.Bc6 Bd3 48.Ke3 Bf1 49.Ba4 Nh5 50.Nc6+  1-0

[Event "Calcutta"]
[Site "Calcutta"]
[Date "1992.??.??"]
[Round "7"]
[White "Thipsay, Praveen Mahadeo"]
[Black "Ravisekhar, Raja"]
[Result "1/2-1/2"]
[WhiteElo "2485"]
[BlackElo "2400"]

1.e4 d6 2.d4 Nf6 3.Nc3 e5 4.Nf3 Nbd7 5.Bc4 Be7 6.O-O O-O 7.a4 h6 8.h3 Re8
9.Re1 c6 10.a5 Qc7 11.Bf1 a6 12.g3 Bf8 13.Bg2 g6 14.Be3 Bg7 15.dxe5 dxe5
16.Qe2 Nf8 17.Na4 Be6 18.Bb6 Qc8 19.Bc5 N8d7 20.Bd6 Bf8 21.Qd2 Bxd6 22.Qxd6 Qb8
23.Qd2 Kg7 24.Qc3 Qc7 25.b3 Rad8 26.Rad1 Nh7 27.Rd3 f6 28.Red1 Ndf8 29.Ne1 Ng5
30.h4 Nf7 31.Nc5 Bc8 32.Rxd8 Rxd8  1/2-1/2

[Event "Calimanesti (Women)"]
[Site "Calimanesti"]
[Date "1992.??.??"]
[Round "?"]
[White "Cosma, Elena Luminita"]
[Black "Stanciu, Gabriela"]
[Result "1-0"]
[WhiteElo "2250"]
[BlackElo "2250"]

1.e4 d6 2.d4 Nf6 3.Nc3 e5 4.dxe5 dxe5 5.Qxd8+ Kxd8 6.Bg5 Be6 7.O-O-O+ Nd7
8.f4 exf4 9.Nf3 h6 10.Bxf4 Bb4 11.Nb5 Ba5 12.Ne5 Ng4 13.Bc4 Nxe5 14.Bxe6 fxe6
15.Bxe5 a6 16.Na3 Rg8 17.Nc4 Bb4 18.Rhf1 Kc8 19.Bxc7 Kxc7 20.Rf7 Rad8 21.Ne5 Bd6
22.Nxd7 Kc6 23.e5 Bc7 24.Rd3 Ba5 25.a3 Be1 26.Kd1 Ba5 27.b4 Bb6 28.Rd6+  1-0

[Event "Candas op"]
[Site "Candas"]
[Date "1992.??.??"]
[Round "2"]
[White "Hebden, Mark"]
[Black "Morales, Julian"]
[Result "1-0"]
[WhiteElo "2500"]
[BlackElo "2245"]

1.d4 d6 2.e4 Nf6 3.Nc3 e5 4.Nf3 Nbd7 5.Bc4 Be7 6.O-O c6 7.a4 h6 8.a5 O-O
9.Qe2 Re8 10.d5 Nf8 11.Rd1 Qc7 12.Bb3 a6 13.Qc4 c5 14.Nd2 g5 15.Ba4 N6d7
16.Qe2 Ng6 17.Nc4 Rf8 18.g3 Nf6 19.Rd3 Kh7 20.Nd1 Rg8 21.Nb6 Rb8 22.Nxc8 Qxc8
23.Qe1 Bd8 24.Bd2 Qh3 25.Qf1 Qxf1+ 26.Kxf1 Nxe4 27.Be1 Nf6 28.c4 e4 29.Rda3 Ng4
30.h3 N4e5 31.Ne3 Nd3 32.Bc2 Nxe1 33.Rxe1 Bf6 34.Rb3 Bd8 35.Nf5 Bxa5 36.Rxe4 Bc7
37.Ne7 Rge8 38.Rf3 Kg7 39.Nf5+ Kh7 40.Nxd6 Bxd6 41.Rxe8 Rxe8 42.Rxf7+ Kg8
43.Bxg6 Rb8 44.Rd7 Be5 45.b3 b5 46.Bh7+ Kf8 47.Bd3 Rb6 48.Ke2 Ke8 49.Ra7 Bd4
50.f4 bxc4 51.bxc4 gxf4 52.gxf4 Rf6 53.Kf3 Kd8 54.Ke4 Bc3 55.Bc2 Ba5 56.Ba4 Bd2
57.f5 Bc3 58.Bd7 Rd6 59.Be6 Bd4 60.Kf4 Rb6 61.Kg4 Be5 62.Kh5  1-0

[Event "Candas op"]
[Site "Candas"]
[Date "1992.??.??"]
[Round "3"]
[White "Minasian, Artashes"]
[Black "Maljutin, Evgeni"]
[Result "1-0"]
[WhiteElo "2545"]
[BlackElo "2465"]

1.e4 d6 2.d4 Nf6 3.Nc3 e5 4.dxe5 dxe5 5.Qxd8+ Kxd8 6.Nf3 Bd6 7.Bc4 Be6 8.Bxe6 fxe6
9.Be3 Ke7 10.Nd2 a6 11.f3 Nc6 12.Ne2 Nb4 13.Kd1 Nc6 14.a3 Rhd8 15.Nc1 Kf7
16.Nd3 Nd7 17.c3 Be7 18.Ke2 Nf8 19.Rhd1 Ng6 20.b4 h6 21.g3 Bf6 22.a4 Nf8
23.Nb3 Rab8 24.b5 axb5 25.axb5 Ne7 26.Nbc5 b6 27.Na6 Rbc8 28.Ndb4 Rxd1 29.Rxd1 Ke8
30.c4 c5 31.Na2 Neg6 32.Nc3 Ke7 33.Na4 Nd7 34.Rxd7+  1-0

[Event "Candas op"]
[Site "Candas"]
[Date "1992.??.??"]
[Round "4"]
[White "Hebden, Mark"]
[Black "Valdes, Maritza"]
[Result "1-0"]
[WhiteElo "2500"]
[BlackElo "2095"]

1.d4 d6 2.e4 Nf6 3.Nc3 e5 4.Nf3 Nbd7 5.Bc4 Be7 6.O-O O-O 7.Re1 c6 8.a4 b6
9.d5 Bb7 10.dxc6 Bxc6 11.Bg5 Re8 12.Re2 a6 13.Bxf6 Nxf6 14.Nd5 Nxd5 15.Bxd5 Bxd5
16.Qxd5 Qc7 17.c3 Rec8 18.Ne1 Qc4 19.Qxc4 Rxc4 20.Nc2 g6 21.Nb4 f5 22.Nd5 Bd8
23.exf5 gxf5 24.Ne3 Re4 25.f3 Rf4 26.b3 Kf7 27.Rf1 e4 28.fxe4 Rxf1+ 29.Nxf1 fxe4
30.Rxe4 d5 31.Re5 Bf6 32.Rxd5 Bxc3 33.Nd2 Ke6 34.Rd3 Bb4 35.Ne4 Ke5 36.Ng5 Bc5+
37.Kf1 h6 38.Nf3+ Ke4 39.Rd7 Rf8 40.b4 Be3 41.Ke2 Re8 42.Rd6 a5 43.bxa5 bxa5
44.Ra6 Kd5 45.Rxa5+ Bc5+ 46.Kd1 Re3 47.Nd2 Ra3 48.Kc2 Ra2+ 49.Kc3 Kc6 50.Ra6+ Kd5
51.Rxh6 Rxa4 52.Rh5+ Kc6 53.Nc4 Ra1 54.Kd3 Rd1+ 55.Ke2 Rg1 56.Rg5 Kb5 57.Nd2 Kc6
58.Nf1 Be7 59.Rg7 Kd6 60.Ng3 Bf6 61.Kf2 Rb1  1-0

[Event "Cannes op"]
[Site "Cannes"]
[Date "1992.??.??"]
[Round "?"]
[White "Gachon, Lionel"]
[Black "Okhotnik, Vladimir"]
[Result "0-1"]
[WhiteElo "2270"]
[BlackElo "2380"]

1.d4 d6 2.e4 Nf6 3.Nc3 c6 4.f4 Qa5 5.e5 Ne4 6.Qf3 Nxc3 7.Bd2 Bf5 8.Bxc3 Qc7
9.Ne2 Bxc2 10.Rc1 Bf5 11.d5 cxd5 12.Ng3 Bd7 13.Qxd5 dxe5 14.Qxe5 Qxe5+ 15.Bxe5 Nc6
16.Bc3 Be6 17.Bd3 Bxa2 18.O-O O-O-O 19.Be4 Bd5 20.Rfd1 Bxe4 21.Rxd8+ Kxd8
22.Nxe4 e6 23.Kf1 f6 24.Nxf6 Bb4 25.Rd1+ Kc8 26.Bxb4 Nxb4 27.Ne4 Rf8 28.g3 h6
29.Ke2 Nd5 30.Nc5 Re8 31.Kf3 Nc7 32.Ne4 Rd8 33.Rc1 b6 34.Rc2 Rd5 35.Nc3 Rc5
36.Rd2 b5 37.Ne4 Rd5 38.Rxd5 exd5 39.Nd6+ Kd7 40.Nf5 Ne6 41.b4 g6 42.Nxh6 Nd4+
43.Kg4 Nc6 44.Kg5 a5 45.f5 gxf5 46.Nxf5 a4 47.Ne3 d4  0-1

[Event "Cannes op"]
[Site "Cannes"]
[Date "1992.??.??"]
[Round "?"]
[White "Relange, Eloi"]
[Black "Okhotnik, Vladimir"]
[Result "0-1"]
[WhiteElo "2275"]
[BlackElo "2380"]

1.e4 d6 2.d4 Nf6 3.Nc3 c6 4.f4 Qa5 5.Bd3 e5 6.fxe5 dxe5 7.dxe5 Ng4 8.Nf3 Nxe5
9.Nxe5 Qxe5 10.O-O Bd6 11.Bf4 Qc5+ 12.Kh1 Bxf4 13.Rxf4 Be6 14.e5 Nd7 15.Bf5 O-O-O
16.Bxe6 fxe6 17.Qg4 Qxe5 18.Re4 Qf5 19.Qxf5 exf5 20.Re7 g6 21.Rae1 Nf6 22.h3 Rhe8
23.Kh2 Rxe7 24.Rxe7 Rd2 25.Re2 Rxe2 26.Nxe2 Kd7 27.Kg3 Ke6 28.Kf4 Nd5+ 29.Kf3 Nb4
30.c3 Nd3 31.b3 g5 32.g3 Ke5 33.h4 gxh4 34.gxh4 f4 35.h5 c5 36.a3 Kf5 37.c4 Ne5+
38.Kf2 Kg4 39.h6 Nd3+ 40.Kf1 Kg5  0-1

[Event "Cannes Martinez op"]
[Site "Cannes"]
[Date "1992.??.??"]
[Round "?"]
[White "Kljako, Damir"]
[Black "Terreaux, Gilles"]
[Result "1/2-1/2"]
[WhiteElo "2340"]
[BlackElo "2255"]

1.d4 d6 2.e4 Nf6 3.Nc3 Nbd7 4.f4 e5 5.Nf3 exd4 6.Qxd4 c6 7.Bc4 Be7 8.e5 dxe5
9.fxe5 Bc5 10.Qh4 Qe7 11.Bf4 Ng4 12.Qxe7+ Kxe7 13.Ne4 Be3 14.Bg3 b5 15.Be2 Nb6
16.Rf1 Be6 17.Nfg5 Bxg5 18.Nxg5 Ne3 19.Nxe6 Kxe6 20.Kd2 Nxf1+ 21.Rxf1 Nc4+
22.Kc3 Nxe5 23.Bxe5 Kxe5 24.Rxf7 a6 25.Bf3 g6 26.Kb4 Rac8 27.Kc5 h5 28.Re7+ Kf6
29.Ra7 Rhe8 30.Rxa6 Re5+ 31.Kb6 Re6 32.Kb7 Rd8 33.Rxc6 b4 34.a4 bxa3 35.bxa3 Rd2
36.a4 Rxc6 37.Bxc6 Rxc2 38.a5 Rb2+ 39.Kc7 Ra2 40.Kb6 Rb2+ 41.Bb5  1/2-1/2

[Event "Cannes Martinez op"]
[Site "Cannes"]
[Date "1992.??.??"]
[Round "?"]
[White "Caposciutti, Maurizio"]
[Black "Panchenko, Alexandar G"]
[Result "0-1"]
[WhiteElo "2305"]
[BlackElo "2490"]

1.e4 Nf6 2.Nc3 d6 3.d4 e5 4.dxe5 dxe5 5.Qxd8+ Kxd8 6.Bc4 Be6 7.Bxe6 fxe6
8.Be3 Bd6 9.O-O-O Ke7 10.Nge2 Nc6 11.h3 a6 12.f3 h6 13.Na4 Nd7 14.h4 b5 15.Nac3 Na5
16.b3 Rhf8 17.Rhf1 Nf6 18.Kb2 Rab8 19.Ng3 c5 20.Nce2 b4 21.f4 Ng4 22.Bc1 exf4
23.Bxf4 Be5+ 24.Bxe5 Nxe5 25.Nf4 c4 26.Nge2 Nac6 27.h5 c3+ 28.Kc1 a5 29.Nd4 Nxd4
30.Rxd4 Ra8 31.a4 Rad8 32.Rxd8 Rxd8 33.Rd1 Rg8 34.Rf1 g6 35.hxg6 Nxg6 36.Nd3 Nh4
37.Ne5 Rg5 38.Nc4 Nxg2 39.e5 h5 40.Nxa5 Ne3 41.Re1 Kd7 42.Nc4 Nxc4 43.bxc4 Kc6
44.Kb1 Kc5 45.Ka2 Kxc4 46.Re4+ Kc5 47.Kb3 Rg1 48.Rc4+ Kd5 49.Rh4 Rb1+ 50.Ka2 Rb2+
51.Ka1 Kc5  0-1

[Event "Cannes Martinez op"]
[Site "Cannes"]
[Date "1992.??.??"]
[Round "?"]
[White "Lanka, Zigurds"]
[Black "Terreaux, Gilles"]
[Result "1-0"]
[WhiteElo "2520"]
[BlackElo "2255"]

1.e4 d6 2.d4 Nf6 3.Nc3 Nbd7 4.f4 e5 5.Nf3 c6 6.Be2 Be7 7.O-O Qc7 8.a4 O-O
9.a5 Rb8 10.Kh1 b5 11.axb6 axb6 12.Qe1 Rb7 13.h3 b5 14.fxe5 dxe5 15.dxe5 Nxe5
16.Nxe5 Qxe5 17.Bf4 Qc5 18.Bd3 Nh5 19.Bh2 Bg5 20.e5 f5 21.exf6 Nxf6 22.Ne4 Qe3
23.Qb4  1-0

[Event "Cappelle op"]
[Site "Cappelle la Grande"]
[Date "1992.??.??"]
[Round "1"]
[White "Repkova Eid, Eva"]
[Black "Sokolovs, Andrei"]
[Result "0-1"]
[WhiteElo "2185"]
[BlackElo "2435"]

1.e4 d6 2.d4 Nf6 3.Nc3 c6 4.Be3 Nbd7 5.Qd2 e5 6.Nge2 b5 7.f3 Nb6 8.Ng3 Qc7
9.b3 Be7 10.Bd3 O-O 11.O-O b4 12.Nd1 c5 13.dxe5 dxe5 14.Nb2 Be6 15.Kh1 Rfd8
16.Qe2 c4 17.bxc4 Rdc8 18.f4 Bg4 19.Qf2 exf4 20.Bxf4 Bd6 21.Bxd6 Qxd6 22.Nf5 Bxf5
23.Qxf5 Rc5 24.Qf4 Qd4 25.Rab1 a5 26.Qf3 Re8 27.h3 h6 28.Be2 Qxe4 29.Qf2 Qe3
30.Bd3 Qxf2 31.Rxf2 Ne4 32.Bxe4 Rxe4 33.Rbf1 Nxc4 34.Nxc4 Rcxc4 35.Rf5 Rxc2
36.Rxa5 Ree2 37.Ra8+ Kh7 38.Rxf7 Rxg2 39.Ra4 Rg3 40.Rxb4 Rxh3+ 41.Kg1 Rg3+
42.Kf1 Rxa2 43.Rbb7 h5  0-1

[Event "Cappelle op"]
[Site "Cappelle la Grande"]
[Date "1992.??.??"]
[Round "2"]
[White "Chevallier, Didier"]
[Black "Krasenkow, Michal"]
[Result "0-1"]
[WhiteElo "2305"]
[BlackElo "2495"]

1.d4 d6 2.e4 Nf6 3.Nc3 c6 4.f4 Qa5 5.Bd3 e5 6.Nf3 Bg4 7.Be3 Nbd7 8.Qd2 Bxf3
9.gxf3 Nh5 10.Ne2 Qxd2+ 11.Kxd2 g6 12.fxe5 dxe5 13.f4 exd4 14.Bxd4 Bg7 15.Bxg7 Nxg7
16.Ng3 O-O-O 17.b4 Ne6 18.Rhf1 c5 19.a3 Nb6 20.Kc3 c4 21.Be2 Na4+ 22.Kxc4 a6
23.Bg4 f5 24.exf5 Nd4 25.b5 axb5+ 26.Kb4 Nxc2+ 27.Kxb5 Nb2 28.Bf3 Nxa1 29.Rxa1 Rd3
30.Be4 Rb3+ 31.Kc5 Rd8 32.fxg6 b6+ 33.Kc6 Nc4 34.Nf5 Na5+  0-1

[Event "Cappelle op"]
[Site "Cappelle la Grande"]
[Date "1992.??.??"]
[Round "5"]
[White "Dubois, Martine"]
[Black "Roth, Peter"]
[Result "1-0"]
[WhiteElo "2050"]
[BlackElo "2325"]

1.e4 d6 2.d4 Nf6 3.Nc3 c6 4.f4 Qa5 5.Bd3 e5 6.Nf3 Bg4 7.Be3 d5 8.Bd2 exd4
9.Nxd5 Qd8 10.Nxf6+ Qxf6 11.O-O Nd7 12.Qe1 Nc5 13.Qg3 h5 14.e5 Qd8 15.Ng5 Qd5
16.f5 f6 17.exf6 gxf6 18.Rae1+ Kd7 19.Ne4 Nxe4 20.Bxe4 Qxa2 21.h3 Bc5 22.hxg4 hxg4
23.Bd3 Qf7 24.Re6 Rag8 25.Kf2 Kc8 26.Rfe1 Rh5 27.b4 Bb6 28.Re7 Qd5 29.Re8+ Rxe8
30.Rxe8+ Kd7 31.Qb8 Rxf5+ 32.Kg1 Re5 33.Qc8+ Kd6 34.Bf4  1-0

[Event "Cappelle op"]
[Site "Cappelle la Grande"]
[Date "1992.??.??"]
[Round "6"]
[White "Bouhallel, Rabah"]
[Black "Seret, Jean Luc"]
[Result "1/2-1/2"]
[WhiteElo "2230"]
[BlackElo "2415"]

1.d4 d6 2.e4 Nf6 3.Nc3 c6 4.a4 Qa5 5.Bd2 e5 6.Nf3 Qc7 7.Bc4 Bg4 8.dxe5 dxe5
9.Qe2 a5 10.h3 Bxf3 11.Qxf3 Bb4 12.O-O Nbd7 13.Rfe1 O-O 14.Bg5 h6 15.Bh4 Nh7
16.Re2 Nb6 17.Bb3 Be7 18.Bg3 Bf6 19.h4 Nd7 20.Nd1 Nc5 21.Bc4 Nxa4 22.Rxa4 b5
23.Ra3 bxc4 24.Ne3 Rfd8 25.Nxc4 Rd4 26.Ne3 Rb8 27.c3 Rdd8 28.Kh2 Rb5 29.Nf5 Rd1
30.c4 Rb4 31.Rd3 Rxd3 32.Qxd3 Nf8 33.Rd2 Ne6 34.Qf3 Kh7 35.Ne3 Qe7 36.Nf5 Qc7
37.Ne3 Qe7 38.Nf5  1/2-1/2

[Event "Cappelle op"]
[Site "Cappelle la Grande"]
[Date "1992.??.??"]
[Round "7"]
[White "Bjerring, Kai"]
[Black "Sokolovs, Andrei"]
[Result "1/2-1/2"]
[WhiteElo "2305"]
[BlackElo "2435"]

1.e4 d6 2.d4 Nf6 3.Nc3 e5 4.dxe5 dxe5 5.Qxd8+ Kxd8 6.Bc4 Be6 7.Bxe6 fxe6
8.f3 Bd6 9.Be3 a6 10.O-O-O Ke7 11.Nge2 Nbd7 12.Rhf1 Rhf8 13.h3 Nh5 14.Bg5+ Ke8
15.Be3 h6 16.g4 Nf4 17.Nxf4 exf4 18.Bf2 Ne5 19.Bd4 Ke7 20.Ne2 Rad8 21.h4 Rf7
22.Bxe5 Bxe5 23.h5 Rff8 24.c3 Rd6 25.Rxd6 cxd6 26.a4 Rc8 27.Kc2 Kf6 28.Kd3 Rd8
29.Kc2 Kg5 30.Rd1 Kf6 31.Re1 Rc8 32.Rd1 Rc4 33.Kb3 Rc7 34.Kc2 Rc4  1/2-1/2

[Event "Catalunya-ch"]
[Site "?"]
[Date "1992.??.??"]
[Round "2"]
[White "Fernandez Aguado, Enrique"]
[Black "Mellado Trivino, Juan"]
[Result "1-0"]
[WhiteElo "2345"]
[BlackElo "2390"]

1.d4 d6 2.e4 Nf6 3.Nc3 e5 4.Nf3 exd4 5.Qxd4 Be7 6.Bg5 O-O 7.h3 Nc6 8.Qd2 Be6
9.O-O-O a6 10.Kb1 b5 11.Bxf6 Bxf6 12.Nd5 Re8 13.Bd3 Ne5 14.Nxe5 dxe5 15.Rhe1 c6
16.Nxf6+ Qxf6 17.Qe3 Qe7 18.Be2 Qa7 19.Qxa7 Rxa7 20.Rd6 Rc7 21.Red1 Kf8 22.Bg4 Bxg4
23.hxg4 h6 24.R1d3 Ke7 25.Kc1 a5 26.Kd2 b4 27.c4 bxc3+ 28.Kxc3 Rb8 29.g3 Rb4
30.f3 Rcb7 31.Rxc6 Rxb2 32.Rc7+ Rxc7+ 33.Kxb2 Rd7 34.Ra3 Rd2+ 35.Kb3 g6 36.Kc3 Rg2
37.Kc4 Rxg3 38.Kd5 Kf6 39.Kd6 a4 40.Kd5 Rg2 41.Rxa4 Rd2+ 42.Kc5 Rd3 43.Rb4 Rxf3
44.a4 Kg5 45.a5 Kxg4 46.a6 Ra3 47.Kb5 h5 48.Ra4 Rb3+ 49.Kc6 Rb8 50.a7 Ra8
51.Kb7 Rxa7+ 52.Rxa7 h4 53.Kc6 f5 54.Kd5 f4 55.Kxe5 h3 56.Kd4 h2 57.Ra1 Kg3
58.e5 Kg2 59.e6  1-0

[Event "JUG-chT"]
[Site "Cetinje"]
[Date "1992.??.??"]
[Round "?"]
[White "Markovic, Gordana"]
[Black "Lazic, Marina"]
[Result "1/2-1/2"]
[WhiteElo "2280"]
[BlackElo "2105"]

1.e4 d6 2.d4 Nf6 3.Nc3 c6 4.h3 Qa5 5.Bd3 e5 6.Nf3 Nbd7 7.O-O Be7 8.Be3 O-O
9.a3 Re8 10.Nd2 b5 11.f4 Qb6 12.Nf3 exf4 13.Bxf4 Nf8 14.Be3 Ng6 15.Qd2 a6
16.e5 Nd5 17.Nxd5 cxd5 18.Qf2 Qc7 19.Rae1 Be6 20.Ng5 Bxg5 21.Bxg5 dxe5 22.dxe5 Nxe5
23.Qg3 Qb6+ 24.Be3 d4 25.Qxe5 dxe3 26.Qxe3 Qxe3+ 27.Rxe3 Rac8 28.Rfe1 Red8
29.Re5 g6 30.R1e2 Rd6 31.Kf2  1/2-1/2

[Event "JUG-chT"]
[Site "Cetinje"]
[Date "1992.??.??"]
[Round "?"]
[White "Markovic, Gordana"]
[Black "Sheremetieva, Marina"]
[Result "1-0"]
[WhiteElo "2280"]
[BlackElo "2195"]

1.e4 d6 2.d4 Nf6 3.Nc3 c6 4.Nf3 Bg4 5.Be2 e6 6.O-O Be7 7.Be3 d5 8.e5 Nfd7
9.Nd2 Bxe2 10.Nxe2 c5 11.f4 Nc6 12.c3 g6 13.Kh1 h5 14.Rf3 cxd4 15.Nxd4 Nb6
16.Rh3 Qd7 17.Bf2 O-O-O 18.Nb5 d4 19.cxd4 a6 20.Nc3 Nd5 21.Rf3 g5 22.fxg5 Nxc3
23.Rxc3 h4 24.h3 Kb8 25.Nf3 Rdg8 26.Be3 Nb4 27.Bd2 Nd5 28.Rc4 Bd8 29.Rac1 Ne7
30.Qc2 Bb6 31.a4 Nf5 32.Qd3 Rd8 33.Bb4 Qd5 34.a5 Bxd4 35.Nxd4 Qxe5 36.Rd1 Rd5
37.Re1 Rxd4 38.Rxe5 Rxd3 39.Re1 Rg8 40.Rg4 Rd5 41.Kh2 Nd4 42.Bc3 e5 43.Rf1 Rd7
44.Rxh4 Rxg5 45.Rh7 Nc6 46.Rfxf7 Rxf7 47.Rxf7 e4 48.Rf4 e3 49.Re4 Nxa5 50.Rxe3 Nc4
51.Re4 b5 52.g4 Rd5 53.h4 Nxb2 54.h5 Nd1 55.Bd4 b4 56.h6 Rd7 57.Be5+ Ka8
58.Rxb4 Ne3 59.Kg3 Rh7 60.Bg7 Nd5 61.Rd4  1-0

[Event "JUG-chT"]
[Site "Cetinje"]
[Date "1992.??.??"]
[Round "?"]
[White "Vujosevic, Vladimir"]
[Black "Maksimovic, Branimir"]
[Result "0-1"]
[WhiteElo "2400"]
[BlackElo "2325"]

1.e4 d6 2.d4 Nf6 3.Nc3 c6 4.f4 Qa5 5.Bd3 e5 6.dxe5 dxe5 7.f5 b5 8.Qf3 Nbd7
9.Ne2 Bb7 10.O-O h5 11.a4 Ng4 12.Kh1 a6 13.Bg5 Qb6 14.Ng1 Bc5 15.Nh3 Bd4
16.Nd1 c5 17.axb5 axb5 18.Rxa8+ Bxa8 19.c3 c4 20.cxd4 cxd3 21.d5 Bb7 22.Qxd3 b4
23.Qf3 Ndf6 24.Be3 Nxe3 25.Nxe3 Qd4 26.Nf2 O-O 27.b3 Ra8 28.Rd1 Qc5 29.Nc4 Ra2
30.Nh3 Ba6 31.d6 Bb5 32.Qd3 Bc6 33.Nd2 Qc3 34.Qc4 Rxd2 35.Rxd2 Qxd2 36.Qxc6 Qe1+
37.Ng1 Nxe4 38.g3 Nf6 39.d7 Nxd7 40.Qxd7 Qe4+ 41.Nf3 Qxf3+ 42.Kg1 Qxb3 43.Qe8+ Kh7
44.Qxe5 Qd1+ 45.Kg2 b3  0-1

[Event "JUG-chT"]
[Site "Cetinje"]
[Date "1992.??.??"]
[Round "?"]
[White "Saric, Natasa"]
[Black "Sheremetieva, Marina"]
[Result "0-1"]
[WhiteElo "2085"]
[BlackElo "2195"]

1.e4 d6 2.d4 Nf6 3.Nc3 e5 4.dxe5 dxe5 5.Qxd8+ Kxd8 6.Bc4 Be6 7.Bxe6 fxe6
8.Nf3 Bd6 9.Be3 Ke7 10.O-O-O a6 11.h3 Nc6 12.Nd2 b5 13.g3 Rhf8 14.f4 Nh5
15.fxe5 Nxe5 16.Ne2 Nf6 17.g4 Rf7 18.Rhf1 Raf8 19.Nd4 h5 20.g5 Nfd7 21.Rxf7+ Rxf7
22.Rf1 Rxf1+ 23.Nxf1 Nc4 24.Nf3 Nxe3 25.Nxe3 Bf4 26.Kd2 Nc5 27.e5 Ne4+ 28.Kd3 Nf2+
29.Kd4 c5+ 30.Kxc5 Bxe3+ 31.Kb4 Nxh3 32.Ka5 Nxg5 33.Nh4 Bf2 34.Ng2 h4 35.Nxh4 Bxh4
36.Kxa6 b4  0-1

[Event "JUG-chT"]
[Site "Cetinje"]
[Date "1992.??.??"]
[Round "?"]
[White "Micic, Snezana"]
[Black "Sheremetieva, Marina"]
[Result "1/2-1/2"]
[WhiteElo "2205"]
[BlackElo "2195"]

1.e4 d6 2.d4 Nf6 3.Nc3 e5 4.Nf3 Nbd7 5.Bc4 Be7 6.O-O O-O 7.Re1 c6 8.a4 a5
9.Bf1 Re8 10.b3 Bf8 11.Bb2 exd4 12.Nxd4 Nc5 13.f3 Qb6 14.Kh1 Bd7 15.Qd2 Rad8
16.Rad1 Bc8 17.Bc4 Qc7 18.Qg5 Qe7 19.Qd2 Nh5 20.Nce2 Qh4 21.Bc3 d5 22.g3 Nxg3+
23.Nxg3 dxc4 24.Bxa5 Rd6 25.Qe2 Rg6 26.Rg1 cxb3 27.cxb3 Qh3 28.Qg2 Qh4 29.Qc2 Ne6
30.Ndf5 Qf4 31.Rgf1 Ng5 32.Bd2 Qc7 33.Nh4 Nxf3 34.Nxf3 Bh3 35.Rg1 b6 36.Be3 Rf6
37.Nd2 Bg4 38.Rdf1 Rxf1 39.Ngxf1 h5 40.Qc1 Bd6 41.Qe1 c5 42.Qf2 Qc6 43.Qg2 g6
44.h3 Be6 45.Ng3 Bxg3 46.Qxg3 Bxb3 47.Bxc5 Bxa4 48.Bf2 Bc2 49.Qf3 Bxe4 50.Nxe4 Qxe4
51.Qxe4 Rxe4 52.Bxb6 Kg7 53.Kg2 Rb4 54.Ba5 Rc4 55.Rf1 g5 56.Bd8 Rc5 57.Be7 Rc2+
58.Rf2 Rxf2+ 59.Kxf2 Kg6 60.Ke3 h4  1/2-1/2

[Event "JUG-chT"]
[Site "Cetinje"]
[Date "1992.??.??"]
[Round "?"]
[White "Nikolin, Zorica"]
[Black "Sheremetieva, Marina"]
[Result "1-0"]
[WhiteElo "2260"]
[BlackElo "2195"]

1.e4 d6 2.d4 Nf6 3.Nc3 e5 4.Nf3 Nbd7 5.Bc4 Be7 6.O-O O-O 7.a4 c6 8.Ba2 a5
9.Re1 h6 10.Nh4 Nxe4 11.Ng6 Nxc3 12.bxc3 Re8 13.Ba3 Bg5 14.Bxd6 exd4 15.Bc7 Rxe1+
16.Qxe1 Qxc7 17.Qe8+ Nf8 18.Qxf8+ Kh7 19.Bxf7 Bf5 20.Qxa8 Qxf7 21.Nf8+ Kh8
22.Ne6+ Kh7 23.Nf8+ Kg8 24.Ne6+ Kh7 25.Nxg5+ hxg5 26.Qxa5 Bxc2 27.cxd4 Qf4
28.Qe5 Qd2 29.a5 Bd1 30.Qe3  1-0

[Event "JUG-chT"]
[Site "Cetinje"]
[Date "1992.??.??"]
[Round "?"]
[White "Vuksanovic, Sanja"]
[Black "Demina, Julia"]
[Result "1/2-1/2"]
[WhiteElo "2270"]
[BlackElo "2385"]

1.e4 d6 2.d4 Nf6 3.Nc3 e5 4.Nf3 Nbd7 5.Bc4 Be7 6.h3 O-O 7.O-O c6 8.dxe5 dxe5
9.a4 a5 10.Be3 Qc7 11.Qe2 Nc5 12.Nd2 Ne6 13.Bxe6 Bxe6 14.Kh1  1/2-1/2

[Event "Ceuta"]
[Site "Ceuta"]
[Date "1992.??.??"]
[Round "2"]
[White "Campora, Daniel H"]
[Black "Rivas Pastor, Manuel"]
[Result "0-1"]
[WhiteElo "2550"]
[BlackElo "2520"]

1.e4 d6 2.d4 Nf6 3.Nc3 c6 4.Bg5 Qb6 5.Qd2 Qxb2 6.Rb1 Qa3 7.Bxf6 exf6 8.Bd3 Be7
9.Nge2 O-O 10.O-O Nd7 11.Nd5 cxd5 12.Rb3 Qxa2 13.Qc3 dxe4 14.Bxe4 Qa6 15.Nf4 d5
16.Bxh7+ Kxh7 17.Qh3+ Kg8 18.Qh5 f5 19.Nxd5 Bd8 20.Rh3 Qh6 21.Qe2 Qg6 22.Re1 Nf6
23.Nf4 Qg5 24.Qe5 Bd7 25.Qd6 Re8 26.Rxe8+ Bxe8 27.Rg3 Ne4 28.Qe5 Bf6  0-1

[Event "CSR-chT"]
[Site "CSR"]
[Date "1992.??.??"]
[Round "?"]
[White "Mista, Ladislav"]
[Black "Nesterov, Jakov"]
[Result "0-1"]
[WhiteElo "2345"]
[BlackElo "2405"]

1.d4 d6 2.e4 Nf6 3.Nc3 e5 4.dxe5 dxe5 5.Qxd8+ Kxd8 6.Nf3 Bd6 7.Bc4 Be6 8.Bxe6 fxe6
9.h3 Ke7 10.Be3 Nc6 11.O-O-O a6 12.Rhe1 h6 13.Nd2 g5 14.f3 Nh5 15.Nc4 b5
16.Nxd6 cxd6 17.Rd2 Nf4 18.Rh1 Rac8 19.a3 Na5 20.g3 Ng6 21.Bf2 Rhf8 22.Rd3 Rf7
23.Nb1 Rcf8 24.Nd2 Rc8 25.b3 Rff8 26.Kb2 Rc6 27.Rc3 h5 28.Be3 Kf6 29.Rxc6 Nxc6
30.c4 Nd4 31.cxb5 axb5 32.Rc1 Rb8 33.Rc7 h4 34.gxh4 gxh4 35.Rc1 Nf4 36.Rg1 Rc8
37.Kb1 Nde2 38.Re1 Nc3+ 39.Ka1  0-1

[Event "Czestochowa op"]
[Site "Czestochowa"]
[Date "1992.??.??"]
[Round "7"]
[White "Ryskin, Alexander"]
[Black "Belikov, Vladimir"]
[Result "1/2-1/2"]
[WhiteElo "2445"]
[BlackElo "2460"]

1.d4 d6 2.e4 Nf6 3.Nc3 e5 4.dxe5 dxe5 5.Qxd8+ Kxd8 6.Bc4 Be6 7.Bxe6 fxe6
8.f3 Bc5 9.Na4 Bd6 10.Be3 b6 11.Nh3 Ke7 12.Nf2 c5 13.b3 Nc6 14.Nd3 Nb4 15.Kd2 Nxd3
16.Kxd3 Kd7 17.Nb2 Kc6 18.c4 Nd7 19.Kc3 Kc7 20.Nd3 Nb8 21.a3 a5 22.b4 axb4+
23.axb4 cxb4+ 24.Nxb4 Nd7 25.Nd3 Rhf8 26.Rhb1 h6 27.Kc2 Kc6 28.Bd2 Bc5 29.Bc3 Bd4
30.Rd1 Bxc3 31.Kxc3 Kc7 32.Kb2 Kc6 33.Kc3 Kc7 34.Kb4 Kc6 35.h3 Rfb8 36.Kc3 Rf8
37.Nb4+ Kc7 38.Na6+ Kc6 39.Nb4+ Kc7 40.Na6+ Kc6 41.Ra2 Nc5 42.Rda1 Rxa6 43.Rxa6 Nxa6
44.Rxa6 Kb7 45.Ra1 Rc8 46.Rb1 Rc5 47.Rd1 Kc7 48.Kb4 Ra5 49.Kb3 Ra8 50.h4 g6
51.Rh1 Kc6 52.Rh3 b5 53.Rg3 Rg8 54.Rg4 bxc4+ 55.Kxc4 Kd6  1/2-1/2

[Event "EU-chT (Men)"]
[Site "Debrecen"]
[Date "1992.??.??"]
[Round "2"]
[White "Van der Wiel, John TH"]
[Black "Titov, German"]
[Result "1-0"]
[WhiteElo "2540"]
[BlackElo "2490"]

1.e4 d6 2.d4 Nf6 3.Nc3 e5 4.dxe5 dxe5 5.Qxd8+ Kxd8 6.Bc4 Be6 7.Bxe6 fxe6
8.Be3 Bd6 9.O-O-O Ke7 10.f3 Nc6 11.Nh3 h6 12.Nf2 Nh5 13.Nb5 a6 14.Nxd6 cxd6
15.Rd2 b5 16.Rhd1 Rhd8 17.Nd3 Nf6 18.Bb6 Rd7 19.c3 Rc8 20.Kb1 Rb7 21.Bf2 Na5
22.Re2 Nc4 23.g3 a5 24.f4 Ng4 25.Be1 g5 26.b3 exf4 27.gxf4 gxf4 28.Nxf4 Nce5
29.Bh4+ Kd7 30.h3 Rf8 31.hxg4  1-0